000 00622nam a22002297a 4500
003 UA-OsUOA
001 47882
007 ta
008 20070822b un ||||| |||| 00| 0 ukr d
100 _aПолонский Я.П.
090 _a821.161.1
_bП52
942 _cBK
040 _aUA-OsUOA
_brus
_cUA-OsUOA
_dUA-OsUOA
245 _aСтихотворения
300 _a546 с.
955 _a3
041 _arus
080 _a821.161.1
260 _aЛенинград
_bСоветский писатель
_c1954
650 7 _a82 Література. Літературознавство
_2UDC
999 _c333973
_d333973